| 000 | 01787nam0a2200409 4500 | ||
|---|---|---|---|
| 001 | RU\NLR\bibl\1286116 | ||
| 005 | 20260405132002.0 | ||
| 010 | _a5-05-005494-X | ||
| 021 |
_aRU _b2008-67362 _93847 |
||
| 035 | _a(NLR Aleph) 001271838 | ||
| 090 |
_a444018 _c444018 |
||
| 100 | _a20081021d2009 |||y0rusy50 ca | ||
| 101 | 0 |
_arus _aspa |
|
| 102 |
_aRU _aES |
||
| 105 | _aa ||||||||| | ||
| 200 | 1 |
_aДрожь по коже _dVibres todo entero _fНаталья Кузнецова, Игорь Кузнецов _zspa |
|
| 210 |
_aМадрид _aМосква _c[б. и.] _d2009 [т.е. 2008] |
||
| 215 |
_a610 с. _cил. _d22 |
||
| 225 | 1 |
_aПуть к совершенству _dCamino hacia la perfeccion |
|
| 300 | _aАвт. также на исп. яз.: N. Kuznetsova, I. Kuznetsov | ||
| 300 | _aЧасть текста на исп. яз. | ||
| 300 | _aКн. фактически издана в 2008 г. | ||
| 510 | 1 |
_6z20790 _aVibres todo entero _zspa |
|
| 686 | _aШ6(2=Р)75-495 | ||
| 686 | _aШ6(2=Р)77исп. | ||
| 700 | 1 |
_4070 _8rus _7ba _aKuznecova _bN. I. _cлитератор, иллюстратор _f1993- _gNatal'ja Igorevna _3RU\NLR\AUTH\7752901 _935834 |
|
| 701 | 1 |
_4070 _8rus _7ca _aКузнецов _bИ. В. _cписатель _f1951- _gИгорь Владимирович _3RU\NLR\AUTH\7729442 _912471 |
|
| 790 | 1 |
_4070 _8rus _7ba _aKuznecova _bN. I. _cлитератор, иллюстратор _f1993- _gNatal'ja Igorevna _3RU\NLR\auth\7752901 _935834 |
|
| 790 | 1 |
_4070 _8rus _7ba _aKuznecov _bI. V. _cписатель _f1951- _gIgor' Vladimirovič _3RU\NLR\auth\7736900 _919889 |
|
| 801 | 0 |
_aRU _bNLR _c20081021 _gRCR |
|
| 801 | 1 |
_aRU _bNLR _c20081021 |
|
| 942 | _cBOOK | ||
| 980 | _aNB | ||